Prieskum medzi študentami Ekonomickej univerzity o užívaní a nadužívaní tabakových výrobkov, elektronických cigariet a vaporizérov
Gespeichert in:
| 1. Verfasser: | |
|---|---|
| Format: | Buchkapitel |
| Sprache: | Slowakisch |
| Schlagworte: | |
| Tags: |
Keine Tags, Fügen Sie das erste Tag hinzu!
|
MARC
| LEADER | 00000naa a2200000 4500 | ||
|---|---|---|---|
| 001 | 0306601 | ||
| 005 | 20251028112347.4 | ||
| 041 | 0 | |a slo | |
| 044 | |a SK | ||
| 245 | 1 | 0 | |a Prieskum medzi študentami Ekonomickej univerzity o užívaní a nadužívaní tabakových výrobkov, elektronických cigariet a vaporizérov |c Zuzana Voltnerová |
| 500 | |a Abstrakt | ||
| 610 | 2 | 0 | |a prieskum |
| 610 | 2 | 0 | |a tabak |
| 610 | 2 | 0 | |a študenti |
| 610 | 2 | 0 | |a vysokoškoláci |
| 610 | 2 | 0 | |a spotreba |
| 610 | 2 | 0 | |a zdravie |
| 610 | 2 | 0 | |a riziko |
| 610 | 2 | 0 | |a programy |
| 610 | 2 | 0 | |a prevencia |
| 100 | 1 | |a Voltnerová, Zuzana, 1964- | |